Byzantine cities in Civilization 6 Map quiz - Statistics

General Stats
  • This quiz has been taken 51 times
  • The average score is 14 of 30
Answers on the Map
Answers color-coded by a green-red scale on the quiz's map according to % correct below.
 
Answer Stats
Answer % Correct
Constantinople
98%
Thessalonica
90%
Adrianople
83%
Bari
83%
Trebizond
81%
Ancyra
76%
Antioch
76%
Cherson
71%
Dyrrachium
64%
Nicaea
60%
Sinope
60%
Iconium
57%
Attalea
55%
Nicomedia
52%
Zara
48%
Mount Athos
45%
Theodosiopolis
38%
Sebasteia
29%
Amaseia
24%
Edessa
24%
Melitene
24%
Amorium
21%
Dorylaeum
21%
Seleucia
21%
Mesembria
19%
Nicopolis
19%
Dorystolon
17%
Arcadiopolis
14%
Tyana
7%
Koloneia
0%
No matching quizzes found
Score Distribution
Percent of People with Each Score
Percentile by Number Answered
Your Score History
You have not taken this quiz